Stereoselektívna syntéza 4(9)-hydroxytieno[f]indolizidínov z kyseliny glutámovej

Salvato in:
Dettagli Bibliografici
Autore principale: Kertész, Michal
Natura: Libro
Lingua:slovacco
Pubblicazione: Bratislava STU FCHPT 2007
Accesso online:Visualizza in OPAC
Tags: Aggiungi Tag
Nessun Tag, puoi essere il primo ad aggiungerne!!

MARC

LEADER 00000nam a2200000 a 4500
005 20260127134326.0
008 060607 2006 xo 000 0 slo d
035 |a vtls009001995 
039 9 |a 200708010939  |b mschk03  |y 200706251121  |z mschk03 
040 |a STUSCHK1  |b slo  |c STUSCHK1  |e AACR2 
100 1 |a Kertész, Michal 
245 1 |a Stereoselektívna syntéza 4(9)-hydroxytieno[f]indolizidínov z kyseliny glutámovej  |c Michal Kertész 
260 |a Bratislava  |b STU FCHPT  |c 2007 
300 |a 39 s.  |b obr.,tab.,grafy,lit.  |c 29 cm 
500 |a Obháj.: 4.6. 2007 
500 |a Špec.: Organická chémia 
500 |a Ústav organickej chémie, katalýzy a petrochémie 
910 |a SCHK95 
999 |c 9870  |d 9870